| 000 | 00476nam a2200193Ia 4500 | ||
|---|---|---|---|
| 003 | LK-CoDNM | ||
| 008 | 010623t1995 xxu||||| |||| 00| 1 sin d | ||
| 040 |
_aLK-CoDNM _dLK-CoDNM _eLK-CoDNM |
||
| 041 | _asin | ||
| 080 | _a159.9SIL | ||
| 100 | _aSilva , B.H.A. | ||
| 245 | _aමෝහන විද්යාව | ||
| 246 | _aMohana Vidyava | ||
| 260 |
_bGodage _aColombo _c1995 |
||
| 300 | _b220p., 16 cm | ||
| 650 | _aHypnotism | ||
| 650 | _aPsychology | ||
| 942 | _cBK | ||
| 999 |
_c117229 _d117229 |
||